000 00611cam a22002053a 4500
001 44757
003 PGUSA
005 20140828084025.0
008 140126s2014||||xxu|||||s|||||000 | eng d
040 _aPGUSA
_beng
042 _adc
100 1 _aKrohn, Julius,
_d1835-1888
245 1 0 _aKertomuksia Suomen historiasta III :
_bEerikki XIV ja Juhana III
_h[electronic resource] /
_cJulius Krohn
260 _bProject Gutenberg,
_c2014
506 _aPublic domain in the USA.
516 _aElectronic text
830 0 _aProject Gutenberg
_v44757
856 4 0 _uhttp://www.gutenberg.org/ebooks/44757
942 _cEB
999 _c274008
_d274008